00686nam a22001697a 450000500170000000800410001702000150005805000250007310000360009824501450013425000220027926000740030130000330037550400320040850400230044065000530046320220801083754.0170511b2001 ag ||||| |||| 00| 0dspa d a950508570204aKHA462.M54bD36 20011 aD' Antonio, Daniel Hugo,eautor10aConvención sobre los derechos del niño b: análisis de su contenido normativo aplicación jurisprudencial c/ Daniel Hugo D' Antonio. aPrimera edición aBuenos Aires, Argentina :bAstrea de Alfredo y Ricardo Depalma,c2001 axvi, 248 páginas ;c23 cm. aBibliografía : p. 243-248 aIncluye apéndice 72lembaNiños zArgentinaxLeyes y Legislación